000 02343nam a2200457 i 4500
001 193400
003 SpMaBN
005 20250719003406.0
007 ta
008 210730s2021 sp | |||| 000 0 spa
017 _aB 2602-2021
_bOficina Depósito Legal Barcelona
020 _a9788413142661
035 _aa6917950
040 _aSpMaBN
_bspa
_cSpMaBN
_erda
080 _a308(091)"20"
080 _a316.653(460)
080 _a94(460)"20"
100 1 _aPérez Henares, Antonio,
_d1953-
_4aut
_eaut
_9138463
245 1 0 _aTiempo de hormigas :
_bde la importancia de hablar con libertad y sin miedo sobre lo que está ocurriendo hoy en España /
_cAntonio Pérez Henares
250 _aPrimera edición, primera reimpresión: abril de 2021
264 1 _a[Barcelona] :
_bB de Bolsillo,
_c2021
300 _a413 páginas ;
_c22 cm
336 _aTexto
_2rdacontent
337 _asin mediación
_2rdamedia
338 _avolumen
_2rdacarrier
490 1 _aMaxi
500 _aÍndice
520 _aAntonio Pérez Henares es célebre por la claridad de sus ideas, así como por expresarlas con franqueza y sin andarse con rodeos. En este libro pone encima de la mesa las grandes cuestiones --y grandes tabúes-- que preocupan a millones de personas en nuestro país como la manipulación acerca de la historia de España, el paso del feminismo al «hembrismo», la crisis de la verdad en el periodismo, la «progrecracia» o la ecología animalista... "Tiempo de hormigas" abre un debate sin censura sobre asuntos urgentes, invitándonos a la reflexión, a la vez que realiza un ataque frontal y fulminante contra el «neototalitarismo».
650 4 _aHistoria social-
_yS.XXI
_2embne
_9234572
650 4 _aOpinión pública-
_zEspaña
_9137992
651 4 _aEspaña-
_xHistoria-
_y S.XXI
_2embne
_9234573
830 0 _aMaxi (B de Bolsillo)
_9226098
852 _aES-MaACL
_bR. 154743
_cDEPOJ
_jN-9554
_9200851
_gDedicatoria autógrafa del autor
_hDonación: Antonio Pérez Henares
_xEncuadernación rústica
901 _aMON2107
903 _aPérez Henares, Antonio,
_d1953-
_ednr
_9138463
942 _n0
_cMONOGRAFIA
999 _c193400
_d193400